00000000cam 2200000zi 4500
0019.958057
003CaOODSP
00520251208143511
006m     o  d f      
007cr bn|||||||||
008251208s2025    onc     ol   f000 0 eng d
040 |aCaOODSP|beng|erda|cCaOODSP
0410 |aeng|afre
043 |an-cn---
0861 |aYB451-2/3-PDF
1101 |aCanada. |bParliament. |bSenate, |eissuing body.
24513|aAn Act to amend the Indian Act (new registration entitlements) = |bLoi modifiant la Loi sur les Indiens (nouveaux droits à l'inscription).
24611|aLoi modifiant la Loi sur les Indiens (nouveaux droits à l'inscription)
264 1|a[Ottawa] : |bSenate of Canada = Sénat du Canada, |c2025.
300 |a1 online resource (ii, 6 pages).
336 |atext|btxt|2rdacontent
337 |acomputer|bc|2rdamedia
338 |aonline resource|bcr|2rdacarrier
4901 |aBill S-... ; |vBill S-2, 1st Session, 45th Parliament
500 |a"First Session, Forty-fifth Parliament, 3-4 Charles III, 2025."
500 |a"Bill S-2."
500 |a"As passed by the Senate December 4, 2025."
500 |a"91228."
520 |a"This enactment amends the Indian Act to provide, among other things, new entitlements to registration in the Indian Register in response to the challenge of certain provisions of the Act under the Canadian Charter of Rights and Freedoms in Nicholas v. Canada (Attorney General) and that the persons who have become so entitled also have the right to have their names entered in a Band List maintained in the Department of Indigenous Services"--Summary, page ii.
546 |aText in English and French.
61010|aCanada. |tIndian Act.
650 5|aFirst Nations|xLegal status, laws, etc.
650 5|aFirst Nations|xBand membership.
655 7|aLegislative bills|2lcgft
788 |tAn Act to amend the Indian Act (new registration entitlements) = |efre|w(CaOODSP)9.958059
830#0|aBill S-...|vBill S-2, 1st Session, 45th Parliament.|w(CaOODSP)9.500665
85640|qPDF|s161 KB|uhttps://publications.gc.ca/collections/collection_2025/sen/YB451-2-3.pdf
8564 |qHTML|sN/A|uhttps://www.parl.ca/documentviewer/en/45-1/bill/S-2/third-reading?col=2